Women and Gender: A feminist Phycology. (Record no. 2036)

MARC details
005 - DATE AND TIME OF LATEST TRANSACTION
control field 20250506134751.0
020 ## - INTERNATIONAL STANDARD BOOK NUMBER
International Standard Book Number 0-07-282107-8
082 ## - DEWEY DECIMAL CLASSIFICATION NUMBER
Classification number LECT 305.42 CRA
100 ## - MAIN ENTRY--PERSONAL NAME
Author name CRAWFORD, M.
245 ## - TITLE STATEMENT
Title Women and Gender: A feminist Phycology.
250 ## - EDITION STATEMENT
Edition statement 4th Ed
260 ## - PUBLICATION, DISTRIBUTION, ETC.
Place of publication, distribution, etc. London,
Name of publisher, distributor, etc. McGrwaw Hill,
Date of publication, distribution, etc. 2004.
300 ## - PHYSICAL DESCRIPTION
Extent xxii, 526p.: ill.; figures, graphs, picture, tables,
Other physical details index, References,
Dimensions 23cm.
700 ## - ADDED ENTRY--PERSONAL NAME
Other authors/Editors UNGER, R.
856 ## - ELECTRONIC LOCATION AND ACCESS
Link text Access online Book
Electronic name Women and Gender: A feminist Phycology.
Path www.mhhe.com
942 ## - ADDED ENTRY ELEMENTS (KOHA)
Source of classification or shelving scheme Dewey Decimal Classification
Koha item type Books
Holdings
Date last seen Total checkouts Full call number Barcode Cost, replacement price Price effective from Koha item type Lost status Source of classification or shelving scheme Damaged status Not for loan Withdrawn status Home library Current library Shelving location Date acquired Cost, normal purchase price
05/06/2025   LECT 305.42 CRA 0000007766 105000.00 05/06/2025 Books   Dewey Decimal Classification       College of Business Education Main Library College of Business Education Main Library General Collection 12/08/2010 35000.00
05/06/2025   LECT 305.42 CRA 0000007772 120000.00 05/06/2025 Books   Dewey Decimal Classification       College of Business Education Main Library College of Business Education Main Library General Collection 12/08/2010 35000.00
05/06/2025   LECT 305.42 CRA 0000007773 120000.00 05/06/2025 Books   Dewey Decimal Classification       College of Business Education Main Library College of Business Education Main Library General Collection 12/08/2010 35000.00